000 00883nam a2200217 i 4500
001 182926
003 ES-MaACL
005 20250822063235.0
008 131217s1763 fr f |||| | fre d
100 1 _aMacquer, Pierre-Joseph,
_d1718-1784
_9154014
245 1 0 _aArt de la teinture en soie /
_cpar M. Macquer.
260 _a[Paris] :
_bDessaint,
_c1763.
300 _aIX, 86 p., 6 lám. ;
_cFol. (44 cm)
490 1 _aDescriptions des arts et métiers faites ou approuvées par Messieurs de l'Académie Royale des Sciences
530 _aDisponible en formato digital.
650 4 _aFibras textiles-
_xTeñido-
_vObras anteriores a 1800.
_9156955
830 0 0 _aDescriptions des arts et métiers
_9241750
852 _aES-MaACL
_jR-60(3)
_xOlim: C-10827-70
856 _uhttp://gallica.bnf.fr/ark:/12148/bpt6k1067594s?rk=21459;2
_zBNF-Gallica
999 _c182926
_d182926